| 000 | 00798nam a2200253 i 4500 | ||
|---|---|---|---|
| 001 | 63587 | ||
| 003 | ES-MaACL | ||
| 005 | 20230906164922.0 | ||
| 007 | t| | ||
| 008 | 031212s1975 sp ||||1| spa d | ||
| 020 | _a84-7222-482-1 | ||
| 080 | _a947"1917-21" | ||
| 100 | 1 |
_aFerro, Marc. _950595 |
|
| 245 | 1 | 3 |
_aLa Revolución de 1917 : _bla caída del zarismo y los orígenes de octubre / _cMarc Ferro ; [versión de Máximo Loizu]. |
| 250 | _a1ª ed. | ||
| 260 |
_aBarcelona : _bLaia, _c1975. |
||
| 300 |
_a522 p. ; _c21 cm. |
||
| 490 | 1 |
_aHistoria / Papel 451 ; _v33 |
|
| 651 | 4 |
_aRusia- _xHistoria- _y1917, Revolución de febrero. _9172920 |
|
| 700 | 1 |
_aLoizu, Máximo. _973149 |
|
| 830 | 1 |
_aHistoria / Papel 451 ; _v33 _9230678 |
|
| 852 |
_aES-MaACL _jE-9765 |
||
| 999 |
_c63587 _d63587 |
||